How to Train Your Dragon (Dragon Names) - Sudden Death - Statistics

General Stats
  • This quiz has been taken 23 times
  • The average score is 11 of 16
Answers on the Grid
Answers color-coded by a green-red scale on the quiz's grid according to % correct below.
Toothless
Firelighter
Stormfly
Meatlug
Barf & Belch
Waterstreaker
Sluggard
Cloudjumper
Floundrel
Hookfang
Blockbuster
Ringbearer
Grump
Flea
Skullcrusher
Windshear
Sleuther
Quickwhip
Scuttleclaw
Shattermaster
Slurp
Fanghook
Garfilljorg
Bardwog
Rath
Thornado
Torch
Doppler
Perfectheart
Thringul
 
Answer Stats
Answer % Correct
Hookfang
100%
Toothless
95%
Barf & Belch
79%
Cloudjumper
79%
Meatlug
79%
Skullcrusher
79%
Stormfly
79%
Grump
74%
Shattermaster
74%
Fanghook
68%
Windshear
68%
Thornado
63%
Torch
58%
Scuttleclaw
47%
Garfilljorg
26%
Sleuther
26%
No matching quizzes found
Score Distribution
Percent of People with Each Score
Percentile by Number Answered
Your Score History
You have not taken this quiz